ZKM Gdynia - 180 - Statystyki

Ogólne statystyki
  • Ten quiz został rozwiązany 9 razy
  • Średni wynik to 16 z 18
Statystyki odpowiedzi
Przystanek Ulica % Poprawnych
Brzechwy Brzechwy
100%
Karwiny PKM Wielkopolska
100%
Karwiny Tuwima Makuszyńskiego
100%
Lidzka Wielkopolska
100%
Łowicka Wielkopolska
100%
Nałkowskiej Wielkopolska
100%
Olgierda Wielkopolska
100%
Plac Górnośląski Wielkopolska
100%
Racławicka Wielkopolska
100%
Redłowo Szpital Powstania Styczniowego
100%
Zwycięstwa - Wielkopolska Aleja Zwycięstwa
100%
Myśliwska Chwaszczyńska
83%
Źródło Marii Wielkopolska
83%
Centrum Nauki Experyment Redłowska
67%
Lutycka Legionów
67%
Powstań Chłopskich Legionów
67%
Redłowo SKM - Park Technologiczny Aleja Zwycięstwa
67%
Ruchu Oporu Legionów
67%
Nie znaleziono quizów pasujących do podanych kryteriów
Rozkład punktacji
Procent ludzi z każdym wynikiem
Percentyl według liczby udzielonych odpowiedzi
Twoja historia wyników
Nie rozwiązałeś tego quizu